000 00770nam a2200277Ia 4500
003 OSt
005 20221007110551.0
006 a|||||r|||| 00| 0
007 ta
008 221006b |||||||| |||| 00| 0 eng d
020 _a0803917155
024 _a21,357
037 _cTextual
040 _aLCO
_cLCO
_beng
041 _2eng
_aeng
082 _aY:45:5, M1
100 _aPhillips Llad
_9254794
245 0 _aEconomics of Crime Control
260 _aLondon
_bSage Publications U.K.
_c1981
300 _a311
500 _aSage Library of Social Research, Volume- 132
650 _aCRIME CONTROL
_9707646
700 _a Voter Harold L.
_9707647
942 _hY:45:5, M1
_cTEXL
999 _c1190920
_d1190920